| 000 | 00982nas a2200253 4500 | ||
|---|---|---|---|
| 001 | BR8001180 | ||
| 003 | BR-BrBNA | ||
| 005 | 20231205084200.0 | ||
| 007 | ta | ||
| 008 | 230509b bl.|||p| |||| 00| 00por d | ||
| 040 |
_aBR-BrBNA _bpor _cBiblioteca Nacional de Agricultura |
||
| 041 | _a(En) | ||
| 072 | _aF60 | ||
| 100 | 1 | _aCury, J.A. | |
| 100 | 1 | _aCrocomo, O.J. | |
| 245 | 1 |
_aSimultaneous determination of the isoenzymes of alchool dehidrogenase and malic dehydrogenase in sugarcane (Saccharum spp)[Cana de acucar; Enzima] _bNota previa |
|
| 246 | 1 |
_aSimultaneous determination of the isoenzymes of alchool dehidrogenase and malic dehydrogenase in sugarcane (Saccharum spp)[Sugarcane; Ensyme] _b[Previous note] |
|
| 650 | _aBioquimica vegetal | ||
| 650 | _aCana de acucar | ||
| 650 | _aEnzima | ||
| 773 | 0 |
_tEnergia Nuclear e Agricultura (Brazil) _xISSN 0100-3593 _g(1980), v. 2(1) p. 74-77 _wBR8001180 |
|
| 909 |
_a202311 _bLúcia _c55 _dLúcia Elande |
||
| 942 |
_2AGRIS _n0 _cANA |
||
| 999 |
_c103633 _d103633 |
||